| 000 | 00476nam a2200169 i 4500 | ||
|---|---|---|---|
| 001 | 44833 | ||
| 003 | ES-MaACL | ||
| 007 | t| | ||
| 008 | 030324s1985 xxk ||||1| eng d | ||
| 020 | _a0-582-35261-4 | ||
| 100 | 1 |
_aClark, Audrey N. _939023 |
|
| 245 | 1 | 0 |
_aLogman dictionary of geography human and physical / _cAudrey N. Clark. |
| 250 | _a[1st ed.]. | ||
| 260 |
_aHarlow [Essex] : _bLongman, _c1985. |
||
| 300 |
_a724 p. ; _c23 cm. |
||
| 852 |
_aES-MaACL _jL-8816 _bR.110533 |
||
| 999 |
_c44833 _d44833 |
||